000 00547nam a2200181Ia 4500
999 _c31896
_d31896
003 OSt
005 20200729121411.0
008 190216s9999||||xx |||||||||||||| ||und||
020 _a9780486613888
040 _coclc
082 _a515.9
_bFLA/C
100 _aFlanigan, Francis J
_93847
245 0 _aComplex Variables:
_bHarmonic and Analytic Functions /
_cFrancis J Flanigan
260 _bDover Publications,
_c1983.
_aNew York:
300 _a353p
650 _aMathematics
942 _cBK
_2ddc
_h515.9
_iFLA/C
_k515.9
_mFLA/C